Frissdiplomások elhelyezkedésének elősegítése a magyar SSC szektorban a felsőoktatási képzésen keresztül

Bibliographic Details
Main Author: Horváth Bálint
Other Authors: Forgács Dr. Anna
Format: Thesis
Kulcsszavak:SSC
Frissdiplomás
Felsőoktatás
Online Access:http://dolgozattar.uni-bge.hu/13835

MARC

LEADER 00000nta a2200000 i 4500
001 dolg13835
005 20180516105938.0
008 171211suuuu hu om 000 hun d
040 |a BGE Dolgozattár Repozitórium  |b hun 
041 |a hu 
100 1 |a Horváth Bálint 
245 1 0 |a Frissdiplomások elhelyezkedésének elősegítése a magyar SSC szektorban a felsőoktatási képzésen keresztül  |c Horváth Bálint  |h [elektronikus dokumentum] 
695 |a SSC 
695 |a Frissdiplomás 
695 |a Felsőoktatás 
700 1 |a Forgács Dr. Anna  |e ths 
856 4 0 |u http://dolgozattar.uni-bge.hu/13835/1/Szakdolgozat_Horv%C3%A1th%20B%C3%A1lint.pdf  |z Dokumentum-elérés